Expansió cultural al Migdia gàl·lic : memòria memòria
Descripción Física:
34 p. ; 24 cm
MARC
| LEADER | 00000nam a2200000Ia 4500 | ||
|---|---|---|---|
| 001 | 18478 | ||
| 008 | 160829s1930 xx 000 0 cat d | ||
| 080 | |a 4155, exp. 13 | ||
| 245 | |a Expansió cultural al Migdia gàl·lic : |b memòria | ||
| 260 | |a [s.l.] : |b Altés, |c 1930 | ||
| 300 | |a 34 p. ; |c 24 cm | ||
| 650 | |a Occitània |x Expansió territorial |9 48275 | ||
| 650 | |a Cultura occitana |9 48276 | ||
| 901 | |a Arxiu | ||
| 942 | |n 1 | ||
| 952 | |0 0 |1 0 |4 0 |6 4155_EXP_13 |7 1 |9 54439 |a Arxiu |b Arxiu |d 2016-12-01 |l 0 |o 4155, exp. 13 |p 18478 |r 2016-12-01 00:00:00 |w 2016-12-01 |y ARXIU | ||
| 999 | |c 58308 |d 58308 | ||